000 06788nam0a22006371 4500
001 v19\rc\1278330
005 20260408063556.0
035 _a(NLR Aleph) 004429334
090 _a4244965
_c4244965
100 _a20060306d1826 m y0rusy50 ca
101 0 _arus
102 _aRU
135 _acrgn 008anaba
140 _ay y aayaa0000
200 1 _aИзображение его императорскаго высочества, государя великаго князя Николая Павловича, по случаю шествия его Киевской губернии и чрез местечко Смелое в Новороссийский край 4го июня 1816 года.
_fСочинение Ивана Морозова
205 _aИздание третие
210 _aМосква
_cв типографии С. Селивановскаго
_d1826
215 _a28 с.
_d
300 _aЦенз.: М.Г.Гаврилов, 5 марта 1826 г.
300 _aВ стихах.
316 _aЭкз. РНБ (127/867) является частью владельч. конволюта. Припл. к. кн.: Волков А. Ода на сретение московскими жителями тела незабвеннаго монарха, Александра I, императора Всероссийскаго. / Сочиненная Александром Волковым. - Москва: в Университетской типографии, 1826. В картон. пер., обтянутом мрамор. бумагой, с кожаными корешком и уголками. Уголки протерлись, картон расслаивается. На нижней крышке пер. экслибрис рус. фонда ГПБ с шифром. Корешок гладкий, с тиснением золотом. Фрагм. корешка утрачен, позолота частично утрачена. На корешке зеленая кожаная наклейка, на которой золотом вытиснено: "Разныя стихотвор" и бумаж. наклейка с номером "1493"". Обрез крапчатый коричневый. На правой стороне форзаца владельч. запись: "№ 1493 [нрзб]". На левой стороне форзаца и его обороте подробное рукоп. содерж. конволюта "Стихотворения разных писателей". На нахзаце 2 техн. штампа. На тит. л. написан шифр. Размер: 24,8х20,0х2,0 см
_5NLR: 127/867
325 1 _aКопия доступна в электронной библиотеке РНБ
327 0 _aВ кн. также: Памятник торжества веры во граде Киеве. : По случаю перваго высочайшаго пришествия в оный государя императора Александра I, в 7 день сентября 1816 года - Издание второе. - Москва : в типографии С. Селивановскаго, 1826. (С.13-28). С отд. тит. л. В конце текста авт.: И. Морозов
464 0 _12001#$aПамятник торжества веры во граде Киеве.$eПо случаю перваго высочайшаго пришествия в оный государя императора Александра I, в 7 день сентября 1816 года
_1205##$aИздание второе
_1215##$aС. 13-28
_1300##$aС отд. тит. л.
_1300##$aВ конце текста авт.: И. Морозов
_tПамятник торжества веры во граде Киеве.
482 0 _1001v19\rc\1278355
_94245269
_aВолков, А.А. (1788 - не позднее 1845)
_cМосква
_d1826
_fСочиненная Александром Волковым
_nв Университетской типографии
_p8 с.
_tОда на сретение московскими жителями тела незабвеннаго монарха, Александра I, императора Всероссийскаго.
_uhttp://vivaldi.nlr.ru/bx000012359/view
518 1 _aИзображение его императорского высочества, государя великого князя Николая Павловича, по случаю шествия его Киевской губернии и чрез местечко Смелое в Новороссийский край 4го июня 1816 года.
620 _dМосква
700 1 _7ca
_8rus
_aМорозов
_bИ. Г.
_fок. 1765-
_gИван Григорьевич
_9172919
_3RU\NLR\AUTH\770172970
702 0 _4280
_8rus
_7ca
_aНиколай
_cимператор российский
_dI
_f1796-1855
_3RU\NLR\AUTH\779185
_9119033
702 0 _4280
_8rus
_7ca
_aАлександр
_cимператор российский
_dI
_f1777-1825
_3RU\NLR\AUTH\775342
_9115306
702 0 _4280
_7ca
_8rus
_aФридрих Вильгельм
_cкороль прусский
_dIII
_f1770-1840
_9195015
_3RU\NLR\AUTH\770195066
702 1 _4610
_7ca
_8rus
_aСеливановский
_bС.И.
_f1772-1835
_gСемен Иоанникиевич
_9236104
_3RU\NLR\AUTH\770236160
702 1 _4190
_7ca
_8rus
_aГаврилов
_bМ. Г.
_cфилолог
_f1759-1829
_gМатвей Гаврилович
_9168117
_3RU\NLR\AUTH\770168165
712 0 0 _4610
_aСеливановский,
_gС.,
_hтипография и словолитня
_cМосква
_3RU\NLR\AUTH\8810035689
_9569800
801 0 _aRU
_bNLR
_gpsbo
801 0 _aRU
_bRuMoRGB
_2psbo
801 1 _aRU
_bProSoft-M
_2rusmarc
801 2 _aRU
_bNLR
_c20180927
_2rusmarc
852 _aNLR
_j18.152.2.6
852 _aNLR
_j127/867
856 0 _uhttp://vivaldi.nlr.ru/bx000012367/view
856 1 _uhttp://vivaldi.nlr.ru/bx000012367/cover
856 2 _uhttp://vivaldi.nlr.ru/bx000012367/text
899 _aRuMoRGB
_jR 446/1190 (изд. 3-е)
899 _aRuMoRGB
_jG 10/166 (изд. 2-е)
899 _aRuMoRGB
_jМК (изд. 2-е)
899 _aБАН
899 _aГПИБ
899 _aНБ МГУ
901 _eКнижные издания
942 _cBOOK
980 _aNB
981 2 2 _a(22) Материалы по истории России
_b(22) Российский императорский дом
981 2 2 _a(22) Материалы по истории России
_b(22) Культура. Наука. Просвещение.
981 2 0 _a(20) Книжные памятники РНБ
_b(20) Русский книжный фонд